MARC

LEADER 00000nam0a2200000 4500
001 16053
005 20231030190416.0
010 |a 5020034428 
035 |a (RuTPU)RU\TPU\book\16173 
035 |a BOOK00000060 
090 |a 16053 
100 |a 20011209d1990 m y0rusy50 ca 
101 0 |a rus 
102 |a RU 
105 |a a z 000zy 
200 1 |a О семи холмах Москвы  |f Э. А. Лихачева 
210 |a Москва  |c Наука  |d 1990 
215 |a 144 с.  |c ил. 
610 1 |a история 
610 1 |a география 
610 1 |a Москва 
610 1 |a рельеф города 
610 1 |a застройка 
686 |a Т3(2-2М)  |v LBC/SL-A  |2 rubbk 
700 1 |a Лихачева  |b Э. А.  |g Эмма Александровна 
801 0 |a RU  |b 63413507  |c 20011209  |g PSBO 
801 2 |a RU  |b 63413507  |c 20110414  |g PSBO 
942 |c BK